Principles of instrumental analysis (Record no. 34962)

MARC details
000 -LEADER
fixed length control field 00356nam a2200133Ia 4500
082 ## - DEWEY DECIMAL CLASSIFICATION NUMBER
Classification number 543.08
Item number SKO;1
100 ## - MAIN ENTRY--AUTHOR NAME
Personal name Skoog, Douglas
245 #0 - TITLE STATEMENT
Title Principles of instrumental analysis
260 ## - PUBLICATION, DISTRIBUTION, ETC. (IMPRINT)
Place of publication New York
Name of publisher Holt Rinehart
Year of publication 1971
650 ## - SUBJECT ADDED ENTRY--TOPICAL TERM
Topical Term Instrumental analysis
700 ## - ADDED ENTRY--PERSONAL NAME
Personal name West, Donald M
942 ## - ADDED ENTRY ELEMENTS (KOHA)
Koha item type Books
Holdings
Withdrawn status Lost status Damaged status Not for loan Home library Current library Date acquired Cost, normal purchase price Full call number Accession Number Koha item type
        RRII Library RRII Library 16/12/2021 18.50 543.08 SKO;1 15389 Books